1990 FIFA World Cup Host Cities and Stadiums - Statistics

General Stats
  • This quiz has been taken 46 times
  • The average score is 17 of 24
Answer Stats
Picture Hint Answer % Correct
Italy Milano
100%
Italy Napoli
100%
Italy Roma
100%
Italy Firenze
96%
Italy Genova
96%
Italy Torino
96%
Italy Bari
92%
Italy Bologna
92%
Italy Palermo
92%
6 games | Capacity: 74.559 Stadio Giuseppe Meazza - San Siro
88%
Italy Cagliari
81%
Italy Verona
81%
6 games | Capacity: 73.603 Stadio Olimpico
77%
4 games | Capacity: 38.971 Stadio Comunale
65%
5 games | Capacity: 59.978 Stadio San Paolo
65%
Italy Udine
65%
4 games | Capacity: 31.823 Stadio Comunale Luigi Ferraris
54%
5 games | Capacity: 62.628 Stadio delle Alpi
54%
5 games | Capacity: 51.426 Stadio San Nicola
54%
4 games | Capacity: 34.520 Stadio Renato Dall'Ara
46%
3 games | Capacity: 35.713 Stadio Friuli
38%
3 games | Capacity: 33.288 Stadio La Favorita
35%
4 games | Capacity: 35.950 Stadio Marcantonio Bentegodi
35%
3 games | Capacity: 35.238 Stadio Comunale Sant'Elia
31%
No matching quizzes found
Score Distribution
Percent of People with Each Score
Percentile by Number Answered
Your Score History
You have not taken this quiz